[Event "Snorlax"]
[Site "SchemingMind.com"]
[Date "2008.07.21"]
[Round "-"]
[White "olavax"]
[Black "herbaciany"]
[Result "1-0"]
[WhiteCountry "FRA"]
[BlackCountry "POL"]
[WhiteElo "1818"]
[WhiteRD "78"]
[BlackElo "1586"]
[BlackRD "73"]
[GameID "164298"]

1. e4 Nc6 2. Nf3 d6 3. Bc4 Nf6 4. d3 Na5 5. Nbd2 Nxc4 6. Nxc4 g6 7. O-O Bg7 8. c3 O-O 9. Re1 e5 10. h3 Ne8
11. d4 exd4 12. cxd4 f5 13. e5 dxe5 14. dxe5 Be6 15. Qe2 c6 16. Bg5 Qc7 17. Bf4 h6 18. Rad1 g5 19. Bxg5 hxg5 20. Nxg5 Bxc4
21. Qxc4+ Rf7 22. Nxf7 Qxf7 23. e6 Qe7 24. Rd7 Qf6 25. e7+
1-0